|
|
|
|
| LEADER |
00000cam a2200000 a 4500 |
| 001 |
vtls010440376 |
| 003 |
SK-MaSNL |
| 005 |
20260301214233.0 |
| 008 |
150827s2011 xo g 000 0 hun |
| 015 |
|
|
|a SNBA2013
|
| 020 |
|
|
|a 9788081220203 (brož.)
|
| 035 |
|
|
|a C21C6808-9CEA-4CF2-9F73-3CE6F22A3067
|
| 035 |
|
|
|a urn:nbn:sk:snk-amjlc1
|
| 035 |
|
|
|a urn:nbn:sk:snk-am002c2g
|
| 040 |
|
|
|a SNK
|b slo
|c SNK
|e AACR2
|
| 041 |
0 |
|
|a hun
|
| 044 |
|
|
|a xo
|c SK
|
| 072 |
|
7 |
|a 271/279
|x Kresťanské cirkvi, sekty, denominácie
|2 konspekt
|
| 080 |
|
|
|a 275
|2 2001
|
| 080 |
|
|
|a 27-565.3
|2 2001
|
| 080 |
|
|
|a 27-475.5
|2 2001
|
| 080 |
|
|
|a 27-232/-236
|2 2001
|
| 080 |
|
|
|a (0:82-5)
|2 2001
|
| 245 |
0 |
3 |
|a Az Ige testté lett-
|b Karácsonyi legátus prédikációk
|c [szerkesztő: Lévai Attila]
|
| 250 |
|
|
|a 1. kiad.
|
| 260 |
|
|
|a Komárom
|b Selye János Egyetem Református Teológiai Kara
|b Calvin J. Teológiai Akadémia
|c 2011
|
| 300 |
|
|
|a 66 s.
|c 21 cm
|
| 650 |
0 |
7 |
|a reformované cirkvi
|2 SNKPH
|9 49898
|
| 650 |
0 |
7 |
|a kázne
|2 SNKPH
|9 1954
|
| 650 |
0 |
7 |
|a Vianoce
|2 SNKPH
|9 3412
|
| 650 |
0 |
7 |
|a biblické texty
|2 SNKPH
|9 1917
|
| 650 |
0 |
7 |
|a Reformed Churches
|2 SNKPHeng
|9 275934
|
| 650 |
0 |
7 |
|a Christmas
|2 SNKPHeng
|9 304887
|
| 650 |
0 |
7 |
|a Sermons
|2 SNKPHeng
|9 274771
|
| 650 |
0 |
7 |
|a Biblical texts
|2 SNKPHeng
|9 265584
|
| 655 |
|
7 |
|a kázne
|2 SNKPH
|9 70516
|
| 655 |
|
7 |
|a Sermons
|2 SNKPHeng
|9 306073
|
| 700 |
1 |
|
|a Lévai, Attila
|4 edt
|9 332088
|
| 919 |
|
|
|a 978-80-8122-020-3
|
| 958 |
|
|
|a HU
|
| 958 |
|
|
|a NT
|
| 999 |
|
|
|c 924113
|d 926043
|
| 952 |
|
|
|a SNK
|b SNK
|y PREZ
|7 0
|p 17A1032895
|o snkSC 150691
|i snk2012/15514
|8 0
|0 0
|1 0
|4 0
|d 2012-08-03
|l 0
|r 2025-07-21 00:00:00
|w 2026-02-24
|
| 952 |
|
|
|a SNK
|b SNK
|y VYP
|7 0
|p 17A1032896
|o snkSC 150691 D1
|i snk2012/15515
|8 0
|0 0
|1 0
|4 0
|d 2012-08-03
|f 1
|l 0
|r 2026-02-24 08:27:01
|w 2026-02-24
|